Malaysia furniture manufacturers & exporters directory 2009 - 2010.

Bibliographic Details
Format: Book
Published: Petaling Jaya: Asia Medialine, 2009.
Subjects:
LEADER 00852cam a2200205 7i4500
001 0000022547
005 20090415090000.0
022 0 0 |a 0128-7303 
090 0 0 |a M 684.1025   |b MAL 
245 0 0 |a Malaysia furniture manufacturers & exporters directory 2009 - 2010. 
260 0 0 |a Petaling Jaya:   |b Asia Medialine,   |c 2009. 
300 # # |a [v.p]. 
650 0 0 |a Furniture --   |x Directories --   |z Malaysia  
650 0 0 |a Furniture --   |x Exporters --   |x Directories --   |z Malaysia  
650 0 0 |a Furniture --   |x Manufactures --   |x Directories --   |z Malaysia  
651 0 0 |a Malaysia  
999 |a JHR000122H  |b Directories  |c Malaysia  |e MATRADE Southern Regional Office 
999 |a PNG000830H  |b Directories  |c Malaysia  |e MATRADE Northern Regional Office 
999 |a SRW000227H  |b Directories  |c Malaysia  |e MATRADE Sarawak 
999 |a TRG000111H  |b Directories  |c Malaysia  |e MATRADE Eastern Regional Office